00936 2200325 4500001002100000005001500021035002000036007000300056040001700059100003000076245007400106250001200180300003900192504002300231020001600254041000800270082001200278084001800290090002300308264005300331336002100384337003000405338002300435500002700458650001600485700003500501850001000536008004100546990002300587INLIS00000000000631220260418073802 a0010-0322000556ta aSBPUPADbInd0 aMarshall BakarePengarang1 aMengolah Sampah Menjadi Berkah /cMarshall Bakar, Editor, Prista Rini a.-Cet.1 aiv, 86 hlm. :bilus. ;c17,5x25 cm aBibligrafi, hal 85 a979101318-7 aInd a369.728 a369.728 MAR m a369.728 MAR m 13-4 a.--Bandung :bSarana Penunjang Pendidikan,c2007 2rdacontentaTeks 2rdamediaaTanpa Perantara 2rdacarrieravolume aDaftar Istilah, hal 84 4aKreativitas aEditor, Prista RiniePengarang aPUPAD260418 0  a9341/H/KAPD/PDG/09